| 000 | 00500nam a2200205Ia 4500 | ||
|---|---|---|---|
| 003 | OSt | ||
| 005 | 20140402112422.0 | ||
| 008 | 140130s9999 xx 000 0 und d | ||
| 020 | _a059045062X | ||
| 050 |
_aHQ 767.9 _b.M39 1998 |
||
| 100 |
_aMarzollo, Jean _96141 |
||
| 245 |
_cJean Marzollo _aHow kids Grow / |
||
| 260 |
_bScholastic, _c1998. _aU.S.A : |
||
| 300 |
_a30 p. : _bcol. ill. ; _c21 cm. |
||
| 440 |
_v1 _930960 |
||
| 521 | _aG2 | ||
| 526 | _c330 | ||
| 942 |
_cBK _2lcc |
||
| 999 |
_c40159 _d40159 |
||